000 00674nam a22001577a 4500
003 OSt
005 20151003093639.0
008 151003b xxu||||| |||| 00| 0 eng d
040 _cRUA
082 _aAVM KEO 1996 B069 Or.1
100 _91842
_aKEO CHEN
245 _aEnquete sur la ladrerie porcine bovine bubaline rencontree al'abattoir provincial de kampong cham, (ការអង្កេតស្ដីពីជំងឺចុងអង្កជ្រូក គោក្របី​ជួបប្រទះនៅទីសត្តឃាដ ខេត្តកំពង់ចាម)
260 _aphnom penh
_bRUA
_c1996
300 _a67p.
_bill.
_c29cm.
942 _2ddc
_cAVM
999 _c1739
_d1739